000 01421nam2a22002891 4500
001 v19\rc\1351785
005 20250618075355.0
035 _a(NLR Aleph) 004496635
090 _a4674627
_c4674627
100 _a20060512d1889 |||y0rusy50 ca
101 0 _arus
102 _aRU
105 _ay z |||||
200 0 _aДевятое... 12 февраля 1889 г.
210 _d1889
_aБ. м.
215 _a47 с.
461 0 _1001v19\rc\1351779
_12001#$a... Общее собрание членов С.-Петербургского благотворительного общества последователей гомеопатии...$vДевятое... 12 февраля 1889 г.
_94674600
_aПетербургское благотворительное общество последователей гомеопатии
_cС.-Петербург
_d1884-1914
_tОбщее собрание членов С.-Петербургского благотворительного общества Последователей гомеопатии...
_vДевятое... 12 февраля 1889 г.
801 0 _aRU
_bNLR
_gpsbo
801 0 _aRU
_bRuMoRGB
_2psbo
801 1 _aRU
_bProSoft-M
_2rusmarc
852 _aNLR
_j18.197.3.332
899 _aRuMoRGB (1884-1914*)
_jV 225/7
899 _aRuMoRGB (1884-1914*)
_jV 22/614
899 _aRuMoRGB (1884-1914*)
_jV 381/661
899 _aБАН (1884-1914*)
942 _cBOOK
980 _aNB